Case studies in organizational communication
Salvato in:
| Altri autori: | |
|---|---|
| Natura: | Libro |
| Lingua: | inglese |
| Pubblicazione: |
New York
The Guilford Press
1990
|
| Edizione: | [1. ed.] |
| Serie: | The Guilford communication series
|
| Accesso online: | Visualizza in OPAC |
| Tags: |
Nessun Tag, puoi essere il primo ad aggiungerne!!
|
MARC
| LEADER | 00000nam a2200000 a 4500 | ||
|---|---|---|---|
| 005 | 20260127134110.0 | ||
| 008 | 000507e1990 xxu g eng c | ||
| 020 | |a 0898622875 |c [500.00 SK] | ||
| 035 | |a vtls008471627 | ||
| 035 | |a SAVUKc046466 | ||
| 039 | 9 | |a 200811261213 |b mschk03 |y 200602030055 |z VLOAD | |
| 040 | |a SAVUK |b slo |c SNK |d STUSCHK1 |e AACR2 | ||
| 041 | 1 | |a eng | |
| 044 | |a xxu |c US | ||
| 080 | |a 316.77 | ||
| 242 | 0 | 0 | |a Prípadové štúdie z komunikácie v organizáciach |y eng |
| 245 | 1 | 0 | |a Case studies in organizational communication |c Edit. Beverly Davenport Sypher |
| 250 | |a [1. ed.] | ||
| 260 | |a New York |b The Guilford Press |c 1990 | ||
| 300 | |a X, 326 s. |b Lit., reg., sch. | ||
| 490 | 0 | |a The Guilford communication series | |
| 700 | 1 | |a Sypher, Beverly Davenport |q Edit. |4 edt | |
| 830 | 0 | |a The Guilford communication series | |
| 910 | |a savuk | ||
| 910 | |a SCHK95 | ||
| 919 | |a 0-89862-287-5 | ||
| 999 | |c 4034 |d 4034 | ||